Trayectorias subjetivas : problemáticas y alternativas interdisciplinarias de abordaje en la familia y otros contextos /

Đã lưu trong:
Chi tiết về thư mục
Tác giả khác: Viveros Chavarria, Edison Francisco (Giám đốc), Herrera Rivera, Ovidio (autor.), Bedoya, Ledy Maryory (autora.), Lopera Jaramillo, Ángela Maritza (autora.), Hernández Melchor, Jhon Prey (autor.)
Định dạng: eBook
Ngôn ngữ:Tiếng Tây Ban Nha
Được phát hành: Medellín : Universidad Católica Luis Amigó, 2025.
Loạt:Individuo, Familia y Sociedad.
Những chủ đề:
Truy cập trực tuyến:https://elibro.unach.elogim.com/es/lc/unach/titulos/288817
Các nhãn: Thêm thẻ
Không có thẻ, Là người đầu tiên thẻ bản ghi này!

MARC

LEADER 00000nam a2200000 i 4500
001 ELB288817
003 FINmELB
005 20251221200015.0
006 m o d |
007 cr cnu||||||||
008 251125s2025 ck ob 001 0 spa d
020 |a 9786287765122  |q (e-book) 
035 |a (OCoLC)1564682797 
040 |a FINmELB  |b spa  |e rda  |c FINmELB 
050 4 |a HQ755.85  |b T783 2025 
080 |a 316.36 
082 0 4 |a 301.427  |2 23 
245 0 0 |a Trayectorias subjetivas :  |b problemáticas y alternativas interdisciplinarias de abordaje en la familia y otros contextos /  |c Edison Francisco Viveros Chavarría (director) ; Edison Francisco Viveros Chavarría, Ovidio Herrera Rivera, Ledy Maryory Bedoya, Ángela Maritza Lopera Jaramillo, Jhon Prey Hernández Melchor, Daniela Grisales Quintero, Isabela Ortiz Giraldo, María Isabel Arango Tamayo, Diana Patricia García Sánchez, Francisco Javier Gallego Cadena, Lina Marcela Giraldo Quintero, Paola Andrea Quirama Castro, Daniela Julieth Castaño Gutiérrez, Cristian Camilo Echavarría Ospina, Andrés Felipe Márquez Rivera, Federico Ramírez Quintero, Juan Sebastián Marín Rodríguez, Daniela Osorio Betancur, Melissa Paniagua Humanez, Daniel Escobar Osorio, Daniela Ceballos Ochoa, Heidi Smith Pulido Varón, Darlin Natalia Duque Gómez, Daniel Felipe Salazar Builes. 
264 1 |a Medellín :  |b Universidad Católica Luis Amigó,  |c 2025. 
300 |a 1 recurso en línea (260 páginas) 
336 |a texto  |b txt  |2 rdacontent/spa 
337 |a computadora  |b c  |2 rdamedia/spa 
338 |a recurso en línea  |b cr  |2 rdacarrier/spa 
490 1 |a Individuo, Familia y Sociedad 
500 |a Incluye índice. 
504 |a Incluye referencias bibliográficas. 
588 |a Descripción basada en metadatos suministrados por el editor y otras fuentes. 
590 |a Recurso electrónico. Santa Fe, Arg.: elibro, 2025. Disponible vía World Wide Web. El acceso puede estar limitado para las bibliotecas afiliadas a elibro. 
650 4 |a Familia. 
650 4 |a Familias inmigrantes. 
650 4 |a Relaciones de familia. 
650 4 |a Relaciones familiares  |x Diversidad de género. 
655 4 |a Libros electrónicos. 
700 1 |a Viveros Chavarria, Edison Francisco,  |e director. 
700 1 |a Herrera Rivera, Ovidio,  |e autor. 
700 1 |a Bedoya, Ledy Maryory,  |e autora. 
700 1 |a Lopera Jaramillo, Ángela Maritza,  |e autora. 
700 1 |a Hernández Melchor, Jhon Prey,  |e autor. 
797 2 |a elibro, Corp. 
830 0 |a Individuo, Familia y Sociedad. 
856 4 0 |u https://elibro.unach.elogim.com/es/lc/unach/titulos/288817